00763nam a2200169 a 4500008004100000020001800041050001500059100002100074245009600095260004900191300003700240650004100277700002600318995010100344999001700445952013100462200723s2013 ||||||||||||||||| || u a9781107603578 aBF 311 Lee aLee, Michael D. 10aBayesian cognitive modeling : a practical course cBy Michael D. Lee; Eric-Jan Wagenmakers  aCambridge bCambridge University Pressc2013 axiii, 264 pages : illustrations  aBAYESIAN STATISTICAL DECISION THEORY aWagenmakers, Eric-Jan D58.45FCBU-MAIN LIBRARY (Kitwe)M1UAVAILABLEWJul 29, 2020ZMain Library Open Access Collection c35658d35658 00102lcc4070a001b001cMain Library Open Access Collectiond2022-11-30l0oBF 311 Leep750425r2022-11-30w2022-11-30y002